000 00903nam a22002657a 4500
001 21147
003 UA-OsUOA
005 20220517114153.0
007 ta
008 20031120b un ||||| |||| 00| 0 ukr d
040 _aUA-OsUOA
_brus
_cUA-OsUOA
_dUA-OsUOA
041 _arus
044 _aRU
080 _a94(4)19.3.9/1945
090 _a94(4)19.3.9/1945
_bИ90
245 _aИстория Великой Отечественной войны Советского Союза 1941–1945
_cред. Ю. П. Петров
260 _aМосква
_bВоенное изд-во министерства обороны союза СССР
_c1961
300 _a657 с.
505 _gТ. 3
650 7 _2UDC
_a94 Історія загалом
700 1 _aПетров Ю. П.
_eред.
942 _cBK
_2udc
955 _a2
999 _c307340
_d307340